"Hétszer hét kövön át". Reményik-centenárium

Elmentve itt :
Bibliográfiai részletek
Szerző: KÁNTOR Lajos
Adatforrás:Meister
Forrásdokumentuma:Művelődés. -
8 sz., 1990, 31 p.
Nyelv:magyar
Kulcsszavak:művelődéstörténet
REMÉNYIK Sándor
LEADER 00384nab a2200133 i 4500
001 bibPRO00002728
008 060524s1990 xx hun
040 |a Sz1 
041 |a hun 
100 1 |a KÁNTOR Lajos 
245 1 1 |a "Hétszer hét kövön át". Reményik-centenárium  |c KÁNTOR Lajos 
695 |a művelődéstörténet 
695 |a REMÉNYIK Sándor 
773 0 |t Művelődés. -  |g 8 sz., 1990, 31 p.